The australian iron and steel industry : Some implications of technology and technological change
Сохранить в:
| Главный автор: | |
|---|---|
| Формат: | |
| Язык: | Undetermined |
| Опубликовано: |
Canberra
Australia National University
1974
|
| Предметы: | |
| Метки: |
Добавить метку
Нет меток, Требуется 1-ая метка записи!
|
| Thư viện lưu trữ: | Trung tâm Học liệu Trường Đại học Cần Thơ |
|---|
| LEADER | 00610nam a2200205Ia 4500 | ||
|---|---|---|---|
| 001 | CTU_99630 | ||
| 008 | 210402s9999 xx 000 0 und d | ||
| 082 | |a 338.47669 | ||
| 082 | |b B199 | ||
| 100 | |a Bambrick, Susan C. | ||
| 245 | 4 | |a The australian iron and steel industry : | |
| 245 | 0 | |b Some implications of technology and technological change | |
| 245 | 0 | |c Susan C. Bambrick | |
| 260 | |a Canberra | ||
| 260 | |b Australia National University | ||
| 260 | |c 1974 | ||
| 650 | |a Steel industry and trade | ||
| 650 | |z Australia | ||
| 904 | |i Truc | ||
| 980 | |a Trung tâm Học liệu Trường Đại học Cần Thơ | ||